Flora of Ceará, Brazil: Vochysiaceae (Registro n. 339496)
[ somente texto ]
| 000 -LÍDER | |
|---|---|
| fixed length control field | 03447nab a2200277 i 4500 |
| 003 - CÓDIGO MARC DA AGÊNCIA CATALOGADORA | |
| Campo de controle | BR-BrBNA |
| 005 - DATA E HORA DA ÚLTIMA ATUALIZAÇÃO | |
| Campo de controle | 20251218135752.0 |
| 008 - CAMPO DE TAMANHO FIXO | |
| fixed length control field | 251218b2024 bl.ar|pooa||| 00| 0 eng | |
| 040 ## - FONTE DA CATALOGAÇÃO | |
| Agência catalogadora | BR-BrBNA |
| Idioma da catalogação | eng |
| 072 ## - CATEGORIA AGRIS | |
| Código AGRIS | F70 |
| 100 ## - ENTRADA PRINCIPAL - NOME PESSOAL | |
| Nome pessoal | Souza, Igor Renan Bonfim de |
| 100 ## - ENTRADA PRINCIPAL - NOME PESSOAL | |
| Nome pessoal | Sousa, Luana Mateus de |
| 100 ## - ENTRADA PRINCIPAL - NOME PESSOAL | |
| Nome pessoal | Soares Neto, Raimundo Luciano |
| 100 ## - ENTRADA PRINCIPAL - NOME PESSOAL | |
| Nome pessoal | Loiola, Maria Iracema Bezerra |
| 245 ## - TÍTULO PRINCIPAL | |
| Título principal | Flora of Ceará, Brazil: Vochysiaceae |
| 500 ## - NOTA GERAL | |
| Nota geral | Publicação on-line; 48 ref.; 2 illus.; Summaries (En, Pt) |
| 942 ## - ADDED ENTRY ELEMENTS (KOHA) | |
| Koha item type | Analítica |
| 520 ## - NOTA DE RESUMO | |
| Nota de conteúdo | <br/><br/>Abstract<br/><br/>As part of the “Flora of Ceará: Knowing to Conserve” project, this study aimed to contribute to the knowledge<br/>of the diversity and distribution of Vochysiaceae species in the state of Ceará. The identifications, descriptions,<br/>comments on ecology and distribution, illustrations and distribution maps of the taxa were based on the<br/>analysis of samples obtained in the field, in collections deposited in herbaria, and specialized bibliographies.<br/>Eight species of Vochysiaceae belonging to four genera occur in Ceará: Callisthene (2), Qualea (2), Salvertia<br/>(1), and Vochysia (3). The species were recorded in 41 municipalities. Callisthene fasciculata and Qualea<br/>parviflora were the species with the most collection records. The species inhabit different phytoecological<br/>units in Ceará and were recorded mainly in the Dense Ombrophilous Forest (Mata úmida), Steppic Savanna<br/>(Caatinga/Carrasco), and Neotropical Savanna and Neotropical Savanna (Cerrado). Seven species occur in<br/>five different Conservation Areas. Vochysia oppugnata is a new occurrence for the state of Ceará and was<br/>recorded in Dense Ombrophilous Forest.<br/><br/>Key words: diversity, Myrtales, northeastern Brazil, semiarid.<br/><br/><br/><br/>Resumo<br/><br/>Vinculado ao projeto “Flora do Ceará: conhecer para conservar”, o estudo teve como objetivo contribuir para<br/>o conhecimento da diversidade e distribuição das espécies de Vochysiaceae no estado do Ceará. Com base na<br/>análise de amostras obtidas em campo, em coleções depositadas em herbários e bibliografias especializadas<br/>foram feitas as identificações, descrições, comentários sobre a ecologia e distribuição, ilustrações e mapas<br/>de distribuição dos táxons. No território cearense ocorrem oito espécies de Vochysiaceae pertencentes a<br/>quatro gêneros: Callisthene (2), Qualea (2), Salvertia (1) e Vochysia (3). As espécies foram registradas em 41<br/>municípios. Callisthene fasciculata e Qualea parviflora foram as espécies mais coletadas. As espécies habitam<br/>diferentes unidades fitoecológicas no Ceará e foram coletadas principalmente em Floresta Ombrófila Densa<br/>(Mata úmida), Savana Estépica (Caatinga) e Savana (Cerrado). Sete espécies ocorrem em cinco diferentes<br/>Unidades de Conservação. Vochysia oppugnata é uma nova ocorrência para o estado do Ceará e foi registrada<br/>na Floresta Ombrófila Densa.<br/><br/>Palavras-chave: diversidade, Myrtales, nordeste do Brasil, semiárido. |
| 650 ## - ASSUNTO - THESAGRO | |
| Cabeçalho tópico ou nome geográfico | BIODIVERSIDADE |
| 650 ## - ASSUNTO - THESAGRO | |
| Cabeçalho tópico ou nome geográfico | NORDESTE |
| 650 ## - ASSUNTO - THESAGRO | |
| Cabeçalho tópico ou nome geográfico | CLIMA SEMIÁRIDOS |
| 650 ## - ASSUNTO - THESAGRO | |
| Cabeçalho tópico ou nome geográfico | VOCHYSIACEAE |
| 773 0# - ENTRADA ANALÍTICA | |
| Host Biblionumber | 709 |
| Registro do item | 359346 |
| Imprenta | Rio de Janeiro-RJ Jardim Botanico do Rio de Janeiro 1935 |
| Outro identificador | 2025-7320 |
| Título | Rodriguésia (Brazil) |
| ISSN | 0370-6583; 2175-7860 on-line |
| Colação | v. 75 p. 1-12; (2024) |
| Número de controle de registro | BR2025004504 |
| 856 ## - ACESSO E ENDEREÇO ELETRÔNICO | |
| Identificador uniforme de recurso - URI | https://www.scielo.br/j/rod/a/nywcjzqGm3HDpS5PdxYxC3C/?format=pdf&lang=en |
Nenhum exemplar disponível.

BINAGRI